[Event "Panevezys Gigant op-B"]
[Site "Panevezys"]
[Date "2017.08.20"]
[Round "7"]
[White "Andrasunaite, Rusne"]
[Black "Cemeris, Ignas"]
[Result "0-1"]
[WhiteElo "1169"]
[BlackElo "1353"]
[PlyCount "156"]
[EventDate "2017.08.18"]
[EventType "swiss"]
[EventRounds "7"]
[EventCountry "LTU"]
[SourceTitle "EXT 2019"]
[Source "ChessBase"]
[SourceDate "2018.10.10"]
[SourceVersion "1"]
[SourceVersionDate "2018.10.10"]
[SourceQuality "1"]

1. e4 c5 2. Nc3 Nc6 3. f4 d6 4. Bc4 Nf6 5. d3 Bg4 6. Nf3 e6 7. 0-0 Be7 8. h3 Bxf3 9. Qxf3 Nd4 10. Qf2 0-0 11. Be3 Qb6 12. Bb3 Nxb3 13. axb3 Rac8 14. f5 d5 15. Bd2 dxe4 16. dxe4 exf5 17. exf5 c4 18. Be3 Bc5 19. Rfe1 Rfe8 20. Bxc5 Rxe1+ 21. Rxe1 Qxc5 22. Re3 cxb3 23. cxb3 Qb6 24. Qe2 Re8 25. Kf2 Rxe3 26. Qxe3 Qxb3 27. Qd2 Qb6+ 28. Kf1 h6 29. Qc2 Qc6 30. Kg1 Nd5 31. Qd2 Nxc3 32. bxc3 Qc5+ 33. Kh1 Qxf5 34. Qd8+ Kh7 35. Qc7 Qb1+ 36. Kh2 Qb3 37. c4 f6 38. Qc8 Qb1 39. c5 Qe4 40. Qa8 Qe5+ 41. Kh1 Qxc5 42. Qxb7 a5 43. Qb1+ Kg8 44. Qb8+ Kf7 45. Qb7+ Kg6 46. Qe4+ Qf5 47. Qe8+ Kh7 48. Qa4 g5 49. Qa3 Qe5 50. Qd3+ Kg7 51. Qd7+ Kf8 52. Qd8+ Kf7 53. Qd7+ Kg6 54. Qd3+ Kh5 55. Qf3+ Kg6 56. Qd3+ Qf5 57. Qa3 Qf1+ 58. Kh2 Qf4+ 59. Kh1 a4 60. Qd3+ f5 61. Qa6+ Kh5 62. Qe2+ Kh4 63. Qe1+ Qg3 64. Qb4+ Qf4 65. Qe1+ Kh5 66. Qe8+ Kh4 67. Qe1+ Qg3 68. Qb4+ f4 69. Qxa4 Qe3 70. Qd1 Kg3 71. Qb1 f3 72. Qb8+ Qf4 73. Qb2 f2 74. Qc3+ Kh4 75. Qd3 f1Q+ 76. Qxf1 Qxf1+ 77. Kh2 Qf4+ 78. Kg1 Kg3 0-1

[Event "LTU-ch U16"]
[Site "Kaunas"]
[Date "2017.04.06"]
[Round "3"]
[White "Dailidenas, Justas"]
[Black "Cemeris, Ignas"]
[Result "1/2-1/2"]
[WhiteElo "1556"]
[BlackElo "1340"]
[PlyCount "74"]
[EventDate "2017.04.05"]
[EventType "swiss"]
[EventRounds "7"]
[EventCountry "LTU"]
[SourceTitle "CBM 177 Extra"]
[Source "ChessBase"]
[SourceDate "2017.04.27"]
[SourceVersion "1"]
[SourceVersionDate "2017.04.27"]
[SourceQuality "1"]

1. d4 d5 2. c4 c6 3. Nf3 Nf6 4. e3 e6 5. Nc3 Nbd7 6. Be2 dxc4 7. Bxc4 b5 8. Be2 Bb7 9. 0-0 Be7 10. a3 a6 11. b4 0-0 12. Bb2 Qb6 13. Qc2 Nd5 14. Rfd1 a5 15. bxa5 Rxa5 16. Nxd5 cxd5 17. Qb3 Bc6 18. Bc3 Ra7 19. Bb4 Bxb4 20. Qxb4 Ra4 21. Qb2 b4 22. Rdb1 Rb8 23. axb4 Rxb4 24. Qxb4 Qxb4 25. Rxb4 Rxb4 26. Rc1 Bb5 27. Rc8+ Nf8 28. Bxb5 Rxb5 29. g3 Rb7 30. Kg2 f6 31. Ne1 Kf7 32. Nd3 Nd7 33. h4 Nb6 34. Rc6 Nc4 35. Nc5 Re7 36. Nd3 h6 37. h5 Nd2 1/2-1/2

[Event "Panevezys op U1600"]
[Site "Panevezys"]
[Date "2015.12.05"]
[Round "5"]
[White "Cemeris, Ignas"]
[Black "Zinovjev, Oleg"]
[Result "0-1"]
[WhiteElo "1350"]
[BlackElo "1463"]
[PlyCount "64"]
[EventDate "2015.12.04"]
[EventType "swiss"]
[EventRounds "8"]
[EventCountry "LTU"]
[SourceTitle "CBM 169 Extra"]
[Source "ChessBase"]
[SourceDate "2015.12.18"]
[SourceVersion "1"]
[SourceVersionDate "2015.12.18"]
[SourceQuality "1"]

1. e4 e6 2. d4 d5 3. Nc3 Nf6 4. e5 Nfd7 5. Nf3 c5 6. Be3 Nc6 7. Qd2 Qb6 8. 0-0-0 c4 9. g4 f6 10. exf6 Nxf6 11. g5 Ng8 12. Re1 Bd7 13. h4 0-0-0 14. Bh3 Bd6 15. Bf4 Bxf4 16. Qxf4 Re8 17. Kb1 Qc7 18. Qxc7+ Kxc7 19. Ne5 Nxe5 20. Rxe5 Kd6 21. Rhe1 h6 22. f4 hxg5 23. f5 Rxh4 24. fxe6 Bc8 25. Nb5+ Ke7 26. Rf1 Rf4 27. Rxf4 gxf4 28. Nc7 Rf8 29. Nxd5+ Kd6 30. e7 Nxe7 31. Nxe7 Bxh3 32. Ng6 f3 0-1